| 000 | 01202cam a2200325 a 4500 | ||
|---|---|---|---|
| 999 |
_c529782 _d529782 |
||
| 001 | 726060 | ||
| 003 | NUST | ||
| 005 | 20191003110548.0 | ||
| 008 | 980423s1998 nyu 000 1 eng | ||
| 010 | _a 98022548 | ||
| 020 | _a0446523321 | ||
| 038 | _awaseem | ||
| 040 |
_aDLC _cDLC _dDLC _dOCoLC _dDLC |
||
| 043 |
_an-us--- _an-us-dc |
||
| 050 | 0 | 0 |
_aPS3552.A446 _bS56 1998 |
| 082 | 0 | 0 |
_a813.54 _bBAL |
| 100 | 1 |
_aBaldacci, David. _96689 |
|
| 245 | 1 | 4 |
_aThe simple truth / _cDavid Baldacci. |
| 260 |
_aNew York, NY : _bWarner Books, _cc1998. |
||
| 300 |
_a470 p. ; _c24 cm. |
||
| 610 | 1 | 0 |
_aUnited States. _bSupreme Court _xFiction. _911684 |
| 651 | 0 |
_aWashington (D.C.) _xFiction. _98085 |
|
| 655 | 7 |
_aDetective and mystery stories. _2gsafd _92977 |
|
| 655 | 7 |
_aLegal stories. _2gsafd _9935 |
|
| 856 | 4 | 2 |
_3Publisher description _uhttp://www.loc.gov/catdir/enhancements/fy0914/98022548-d.html |
| 856 | 4 | 2 |
_3Contributor biographical information _uhttp://www.loc.gov/catdir/enhancements/fy1401/98022548-b.html |
| 906 |
_a7 _bcbc _corignew _d1 _eocip _f19 _gy-gencatlg |
||
| 942 |
_2ddc _cBK |
||